000 00583nam a22002057a 4500
999 _c173267
_d173267
005 20200221112321.0
010 _aENG-127929
020 _a9788194452829
_c795.00
035 _aEN-111461
037 _bDBAD/PUB
082 _a921
100 _aAsha Kiran
245 _aBatukeshwar Dutt/
_cby Asha Kiran
250 _a2019
260 _aNew Delhi
_bSKY Books International
_c2019
270 _a1/1079E,Mehrauli
_bNew Delhi
_e110030
300 _avii;156p.
_c22cm(hb)
500 _aincludes bibliographical references and index
942 _2ddc
_cEN
_h921
_mASH